Berlin begins capital rebirth (Record no. 64976)
[ view plain ]
| 000 -LEADER | |
|---|---|
| fixed length control field | 00926cam a2200205 4500 |
| 001 - CONTROL NUMBER | |
| control field | ABS63035 |
| 008 - FIXED-LENGTH DATA ELEMENTS--GENERAL INFORMATION | |
| fixed length control field | 000000n2000 000 0 eng u |
| 035 ## - SYSTEM CONTROL NUMBER | |
| System control number | (Sirsi) u108830 |
| 245 ## - TITLE STATEMENT | |
| Title | Berlin begins capital rebirth |
| 260 ## - PUBLICATION, DISTRIBUTION, ETC. | |
| Date of publication, distribution, etc. | 2000 |
| 490 ## - SERIES STATEMENT | |
| Series statement | EuroProperty |
| Volume/sequential designation | October 2000, 13-14(2) |
| 520 ## - SUMMARY, ETC. | |
| Summary, etc. | Suggests that Berlin is finally catching up with other German cities and is putting the property crisis behind it. There is increasing evidence the capital has switched into growth mode with new development plans beginning to emerge. Looks in particular at the turnaround of the Check Point Charlie district and the rise of the Spree area. Includes a table listing selected projects in Berlin that have obtained planning consent. |
| 590 ## - LOCAL NOTE (RLIN) | |
| Local note | ABS |
| 650 ## - SUBJECT ADDED ENTRY--TOPICAL TERM | |
| Topical term or geographic name entry element | DEVELOPMENT OPPORTUNITIES |
| 650 ## - SUBJECT ADDED ENTRY--TOPICAL TERM | |
| Topical term or geographic name entry element | BERLIN |
| 650 ## - SUBJECT ADDED ENTRY--TOPICAL TERM | |
| Topical term or geographic name entry element | GERMANY |
| 650 ## - SUBJECT ADDED ENTRY--TOPICAL TERM | |
| Topical term or geographic name entry element | PROPERTY MARKET |
| 690 ## - LOCAL SUBJECT ADDED ENTRY--TOPICAL TERM (OCLC, RLIN) | |
| Topical term or geographic name as entry element | INTERNATIONAL-EUROPE |
| 942 ## - ADDED ENTRY ELEMENTS (KOHA) | |
| Suppress in OPAC | 0 |
| Withdrawn status | Lost status | Source of classification or shelving scheme | Damaged status | Not for loan | Home library | Current library | Shelving location | Date acquired | Total Checkouts | Full call number | Barcode | Date last seen | Copy number | Price effective from | Koha item type |
|---|---|---|---|---|---|---|---|---|---|---|---|---|---|---|---|
| Dewey Decimal Classification | London | London | Journal article | 17/10/2000 | ABS63035 | 108830-1001 | 06/08/2019 | 1 | 06/08/2019 | Journal article |